00457nam a2200181Ia 4500003000400000005001700004008004100021020001800062040000600080041001200086082002000098100001800118245007100136250001300207260003200220300001400252440000900266OSt20240930134134.0240126s9999 xx 000 0 und d a9789382676010 c0 aEnglish a174.3 RAI;1 R aRai, Kailash. 0aLegal ethics : accountablility for lawyers and bench-bar relations a11th ed. bCentral Law Pub.aAllahabad axxiv, 440 aNULL